Prediche tenute alle Pie Discepole del Divin Maestro (Record n. 37504)

Dettagli MARC
000 -LEADER
fixed length control field 02956nam a22001937a 4500
003 - CONTROL NUMBER IDENTIFIER
control field IT-RoPau
005 - DATE AND TIME OF LATEST TRANSACTION
control field 20220918175935.0
008 - FIXED-LENGTH DATA ELEMENTS--GENERAL INFORMATION
fixed length control field 121113b xxu||||| |||| 00| 0 eng d
040 ## - CATALOGING SOURCE
Transcribing agency IT-RoPau
100 ## - MAIN ENTRY--PERSONAL NAME
Personal name Alberione Giacomo
Fuller form of name Vol VIII, 2 anno 1963 numeri marginali 256 - 263 nastro 177/a
9 (RLIN) 32
245 ## - TITLE STATEMENT
Title Prediche tenute alle Pie Discepole del Divin Maestro
250 ## - EDITION STATEMENT
Edition statement 1
260 ## - PUBLICATION, DISTRIBUTION, ETC. (IMPRINT)
Place of publication, distribution, etc. Roma
Name of publisher, distributor, etc. PDDM
Date of publication, distribution, etc. ?1960?
300 ## - PHYSICAL DESCRIPTION
Extent 606 p.
Dimensions 29,5 cm
490 ## - SERIES STATEMENT
Series statement VIII,2
Volume/sequential designation VIII,2
500 ## - GENERAL NOTE
General note Come nel volume precedente
520 ## - SUMMARY, ETC.
Summary, etc. Prefazione<br/>250)Anno di particolare santificazione<br/>251)Anno di particolare santificazione<br/>252)Un mese di preparazione alla prof. perpetua<br/>253)Umiltà e silenziosità in s.Giuseppe<br/>254)Anno di particolare santificazione<br/>255)La missione delle Pie Discepole nelle Filippine<br/>256)Anno di particolare santificazione<br/>257)La s.Messa ( Sabato Santo)<br/>258)L' impegno per la santificazione<br/>259)Il fondamento della santificazione virtù. teol.<br/>260)Lo spirito di Gesù: le Beatitudini<br/>261)La fede<br/>262)La speranza<br/>263)La carità:amore a Dio e alle anime<br/>264)Vita mariana Gesù<br/>265)Amare la Congregazione:cura delle vocazioni<br/>266)Santificare la mente,la volontà, il cuore<br/>267)Il progresso spirituale<br/>268)La Famiglia Paolina<br/>269)Novena allo spirito Santo<br/>270)Maria, Regina degli apostoli<br/>271)I nove gradi dell' orazione<br/>272)I segni di progresso nella santificazione<br/>273)Cercare la gloria di Dio.Vita comune. Carat.<br/>274)Il mistero del Cristo in s.Paolo<br/>275)la vita mariana di Gesù<br/>276)Il fondamento della santificazione: vivere in Xto<br/>277)Il senso sociale<br/>278)Santificazione e apostolato<br/>279)La vocazione della Pia Discepola<br/>280)Domenica VII dopo Pentecoste<br/>281)Per ipsum et cum ipso et in ipso<br/>282)La gloria di dio: fine ultimo<br/>283)Domenica VIII dopo Pentecoste<br/>284)Introduzione agli esercizi SS.<br/>285)Far crescere la grazia di Dio in noi<br/>286)La Pia Discepola, altra Maria ( I )<br/>287)La Pia Discepola, altra Maria ( II )<br/>288)Chiusura degli Esercizi SS.<br/>289)Domenica XII dopo Pentecoste<br/>290)I due mezzi principali della santificazione<br/>291)Santificare la mente, la volontà , il cuore<br/>292)I due mezzi principali della santificazione<br/>293)I due mezzi principali della santificazione<br/>294)I due mezzi principali della santificazione<br/>295)La santificazione: mestiere della religiosità<br/>296)La gloria di Dio: fine della nostra santificazione<br/>297)La fede<br/>298)Festa di Gesù Cristo Re<br/>299)Gerarchia degli apostolati<br/>300)L' apostolato liturgico<br/>301)Domenica VI dopo l' Epifania<br/>302)Domenica XXIV dopo Pentecoste<br/>303)La santificazione: mestiere della religiosità<br/>304)La configurazione a Gesù Cristo<br/>305)Vita contempaltiva apostolica<br/>306)Solennità dell' Immacolata Concezione di Maria<br/>307)Ut unum sint ( festa di s. Lucia)<br/>308)Domenica III di Avvento<br/>309)Conoscere meglio Gesù Cristo (auguri natalizi)<br/>indice<br/>I - Indice analitico<br/>II - Indice delle citazioni bibliche<br/>III - Indice delle citazioni varie<br/>IV - Indice generale
942 ## - ADDED ENTRY ELEMENTS (KOHA)
Source of classification or shelving scheme Dewey Decimal Classification
Koha item type LIBRO
Dati di copia
Withdrawn status Lost status Source of classification or shelving scheme Damaged status Not for loan Home library Current library Date acquired Total Checkouts Full call number Date last seen Price effective from Koha item type
    Dewey Decimal Classification Buone Condizioni Not For Loan PAULUS-BIBLIOTECA PAULUS-BIBLIOTECA 13/11/2012   P A1 13/11/2012 13/11/2012 LIBRO
CREDITS: SOCIETA' SAN PAOLO Via A.Severo, 58 - ROMA (RM) & PERIODICI SAN PAOLO SRL Via Giotto, 36 MILANO & CISF Via Giotto, 36 MILANO & EDIZIONI SAN PAOLO SRL,  Piazza Soncino, 5 CINISELLO BALSAMO (MI) -- ITALY